| 000 | 00699nam a22002297a 4500 | ||
|---|---|---|---|
| 003 | UA-OsUOA | ||
| 001 | 30850 | ||
| 007 | ta | ||
| 008 | 20041116b un ||||| |||| 00| 0 ukr d | ||
| 090 |
_a327(470) _bС23 |
||
| 942 | _cBK | ||
| 040 |
_aUA-OsUOA _brus _cUA-OsUOA _dUA-OsUOA |
||
| 245 |
_aСборник договоров России с другими государствами 1856-1917 _cРед. Е.А.Адамова |
||
| 300 | _a464 с. | ||
| 955 | _a0 | ||
| 041 | _arus | ||
| 080 | _a327(470) | ||
| 260 |
_aМосква _bГосударственное издательство политической литературы _c1952 |
||
| 044 | _aRU | ||
| 650 | 7 | _2UDC | |
| 999 |
_c317265 _d317265 |
||